Statistics for Countries On A Line With Equal Latitude and Longitude

Click here to take the quiz!

General Stats

  • This quiz has been taken 250 times
  • The average score is 12 of 34

Answer Stats

Answer% Correct
Nigeria
97%
Chad
92%
Libya
91%
Egypt
90%
Syria
89%
Turkey
87%
Russia
70%
Georgia
57%
Russia
57%
Turkey
56%
Kazakhstan
55%
Syria
54%
Canada (Ellesmere & Baffin Islands)
48%
United States (Hawaii)
29%
Canada
23%
Russia
21%
China
18%
Guinea
18%
Mauritania
18%
Senegal
18%
Ivory Coast
17%
Russia
14%
Angola
13%
Botswana
13%
South Africa
13%
Lesotho
12%
Namibia
12%
South Africa
12%
Japan
11%
Australia
10%
Marshall Islands
7%
New Zealand (Tokelau & Cook Islands)
7%
Tuvalu
6%
Vanuatu
5%

Score Distribution

Percentile by Number Answered

Percent of People with Each Score

Your Score History

You have not taken this quiz